| 000 | 00990nam a22002537a 4500 | ||
|---|---|---|---|
| 001 | 0000004128 | ||
| 003 | PPM | ||
| 005 | 20260416120920.0 | ||
| 008 | 260416b ||||| |||| 00| 0 eng d | ||
| 020 |
_a9789830687254 _cRM49.00 _qHardback |
||
| 035 | _a0000004128 | ||
| 040 |
_bMalay _cPusat Penyelidikan Mineral, Jabtan Mineral Dan Geosains Malaysia _dPPM _eRDA |
||
| 082 | 0 | 0 |
_222 _a351.595 _bMOH 2011 |
| 100 | 1 |
_aMohd. Najib Tun Haji Abdul Razak, Dato' Sri, _d1953- _eauthor |
|
| 245 | 1 | 0 |
_aPerkhidmatan Awam : Meneraju Perubahan Melangkau Jangkaan / _coleh Mohd. Najib Tun Haji Abdul Razak |
| 260 | 1 |
_aKuala Lumpur : _bInstitut Terjemahan Negara Malaysia , _c2011 |
|
| 300 | 0 | 0 |
_axvii, 105 pages .: _bsome colour, illustrations .; _c24 cm |
| 650 | 1 | 0 |
_aCivil service _zMalaysia |
| 650 | 2 | 0 |
_aPublic administration _zMalaysia |
| 651 | 1 | 0 |
_aMalaysia _xOfficials and employees |
| 710 | 2 | _aInstitut Terjemahan Negara Malaysia | |
| 710 | 2 | _aRazak School Of Goverment | |
| 942 |
_2ddc _cBK |
||
| 999 |
_c27199 _d27199 |
||